000 00346 a2200157 4500
001 67058
020 _a9788573198676
040 _cAnchieta - Pituba
100 _aAssumpção, Adyr
240 1 0 _aCaminhos da África
_lpor
245 1 0 _aCaminhos da África
300 _a48p.
362 0 _a2013
650 4 _aLiteratura juvenil
942 _cBK
999 _c67058
_d67058